[Event "Llinars del Valles op 4th"]
[Site "Llinars del Valles"]
[Date "2024.07.01"]
[Round "7"]
[White "Gomez Flores, Pol"]
[Black "Oliver Romero, Jordi"]
[Result "1-0"]
[WhiteElo "1855"]
[BlackElo "1690"]
[PlyCount "83"]
[EventDate "2024.06.25"]
[EventType "swiss"]
[EventRounds "9"]
[EventCountry "ESP"]
[SourceTitle "CB28_2024"]
[SourceDate "2024.07.10"]
[SourceVersion "1"]
[SourceVersionDate "2024.07.10"]
[SourceQuality "1"]

1. d4 Nf6 2. Bf4 g6 3. Nc3 d5 4. e3 Bg7 5. Nb5 Na6 6. a4 c6 7. Na3 Nc7 8. h3 0-0 9. Nf3 Nd7 10. Bd3 c5 11. c3 c4 12. Bc2 a5 13. 0-0 Re8 14. Re1 e5 15. dxe5 Nxe5 16. Nxe5 Bxe5 17. Bxe5 Rxe5 18. Nxc4 Rg5 19. Kf1 Bxh3 20. gxh3 dxc4 21. Qxd8+ Rxd8 22. Rad1 Rgd5 23. Rxd5 Rxd5 24. Rd1 Rxd1+ 25. Bxd1 Ne8 26. e4 f6 27. f4 Kf7 28. Be2 Nd6 29. e5 fxe5 30. fxe5 Nf5 31. Bxc4+ Ke7 32. Kf2 Ng7 33. Kf3 Ne6 34. Bxe6 Kxe6 35. Ke4 g5 36. Kf3 Kxe5 37. Kg4 Kd5 38. Kxg5 Kc4 39. Kh6 Kb3 40. Kxh7 Kxb2 41. h4 b5 42. axb5 1-0

[Event "Llinars del Valles op 4th"]
[Site "Llinars del Valles"]
[Date "2024.06.28"]
[Round "4"]
[White "Gomez Flores, Pol"]
[Black "Argemi Camp, Jaume"]
[Result "1-0"]
[WhiteElo "1855"]
[BlackElo "1715"]
[PlyCount "113"]
[EventDate "2024.06.25"]
[EventType "swiss"]
[EventRounds "9"]
[EventCountry "ESP"]
[SourceTitle "CB28_2024"]
[SourceDate "2024.07.10"]
[SourceVersion "1"]
[SourceVersionDate "2024.07.10"]
[SourceQuality "1"]

1. d4 d6 2. Bf4 g6 3. Nc3 Bg7 4. e4 Nf6 5. Qd2 a6 6. 0-0-0 Nc6 7. f3 0-0 8. Bh6 Bd7 9. h4 e5 10. d5 Na7 11. g4 Kh8 12. Bxg7+ Kxg7 13. h5 Ng8 14. Nge2 g5 15. h6+ Kh8 16. Ng3 f6 17. Bd3 Qe8 18. Rh2 Nb5 19. Bxb5 axb5 20. a3 Ne7 21. Rdh1 Ng6 22. Nh5 b4 23. axb4 Ra1+ 24. Nb1 Qa8 25. c3 Qa2 26. Qc2 Ba4 27. b3 Qxc2+ 28. Kxc2 Ra2+ 29. Kd3 Rxh2 30. Rxh2 Bxb3 31. c4 Bd1 32. Ke3 Nf4 33. Nc3 Bb3 34. c5 Nxh5 35. Rxh5 dxc5 36. bxc5 Bc4 37. Rh1 Ra8 38. Rb1 Ba6 39. Ra1 Kg8 40. c6 Rc8 41. cxb7 Bxb7 42. Ra7 Rb8 43. Na4 Bc8 44. Rxc7 Rb3+ 45. Kf2 Ba6 46. d6 Rd3 47. d7 Rd2+ 48. Kg3 Kf8 49. Nc5 Bb5 50. d8Q+ Rxd8 51. Ne6+ Ke8 52. Nxd8 Kxd8 53. Rxh7 Ke8 54. Rb7 Bc4 55. h7 Kf8 56. h8Q+ Bg8 57. Qg7+ 1-0

[Event "Llinars del Valles op 4th"]
[Site "Llinars del Valles"]
[Date "2024.06.27"]
[Round "3"]
[White "Parra Ordorica, Arnau"]
[Black "Gomez Flores, Pol"]
[Result "1-0"]
[WhiteElo "2006"]
[BlackElo "1855"]
[PlyCount "163"]
[EventDate "2024.06.25"]
[EventType "swiss"]
[EventRounds "9"]
[EventCountry "ESP"]
[SourceTitle "CB28_2024"]
[SourceDate "2024.07.10"]
[SourceVersion "1"]
[SourceVersionDate "2024.07.10"]
[SourceQuality "1"]

1. d4 f5 2. Bg5 h6 3. Bh4 g5 4. Bg3 Nf6 5. e3 d6 6. Nd2 e6 7. Be2 Qe7 8. c4 Bd7 9. Ngf3 Nc6 10. b4 b6 11. b5 Na5 12. Nb3 Nb7 13. a4 Ne4 14. Bd3 h5 15. h4 Nxg3 16. fxg3 g4 17. Nfd2 Bh6 18. Qe2 e5 19. 0-0 0-0 20. Rfe1 Rae8 21. Nf1 Qf6 22. Qc2 Re7 23. c5 Be6 24. c6 Nd8 25. Bc4 Kh8 26. d5 Bg8 27. Qc3 Bg7 28. a5 e4 29. Qxf6 Bxf6 30. Ra2 Nf7 31. axb6 axb6 32. Nd4 Bxd4 33. exd4 Nh6 34. Ne3 f4 35. gxf4 Rxf4 36. Rf1 Rxf1+ 37. Bxf1 Kg7 38. g3 Kg6 39. Ra8 Bf7 40. Rh8 Nf5 41. Nxf5 Kxf5 42. Be2 Kf6 43. Bc4 e3 44. Kf1 Be8 45. Rf8+ Bf7 46. Ke2 Re4 47. Bd3 Re7 48. Bc4 Kg7 49. Rd8 Be8 50. Bd3 Kf6 51. Bc2 Bf7 52. Bb3 Be8 53. Bc2 Bf7 54. Bb3 Be8 55. Bc4 Kf7 56. Ra8 Kf6 57. Ra3 Re4 58. Bd3 Re7 59. Ra1 Bf7 60. Rf1+ Kg7 61. Rf5 Re8 62. Rg5+ Kf6 63. Bh7 Rh8 64. Be4 Ra8 65. Rf5+ Ke7 66. Kxe3 Ra3+ 67. Kf4 Rb3 68. Rg5 Rxb5 69. Rg7 Kf6 70. Rh7 Rb2 71. Rh6+ Kg7 72. Rxd6 cxd6 73. c7 Be6 74. dxe6 Rf2+ 75. Ke3 Rf8 76. Bb7 Kf6 77. c8Q Rxc8 78. Bxc8 Ke7 79. d5 Kd8 80. Ba6 Ke7 81. Kf4 Kf6 82. Bb5 1-0

[Event "Llinars del Valles op 4th"]
[Site "Llinars del Valles"]
[Date "2024.06.25"]
[Round "1"]
[White "Munoz Pantoja, Miguel Angel"]
[Black "Gomez Flores, Pol"]
[Result "1-0"]
[WhiteElo "2364"]
[BlackElo "1855"]
[PlyCount "55"]
[EventDate "2024.06.25"]
[EventType "swiss"]
[EventRounds "9"]
[EventCountry "ESP"]
[SourceTitle "CB28_2024"]
[SourceDate "2024.07.10"]
[SourceVersion "1"]
[SourceVersionDate "2024.07.10"]
[SourceQuality "1"]

1. e4 c6 2. Nc3 d5 3. Nf3 dxe4 4. Nxe4 Nf6 5. Ng3 Bg4 6. Be2 e6 7. Ne5 Bxe2 8. Qxe2 Nbd7 9. f4 Bc5 10. c3 h5 11. d4 Bb6 12. Bd2 c5 13. dxc5 Bxc5 14. 0-0-0 Nxe5 15. fxe5 Nd7 16. Nxh5 Rg8 17. Rhf1 Qc7 18. Rde1 a6 19. Kb1 g6 20. Ng3 Nb8 21. Ne4 Be7 22. Qf3 Rg7 23. Qh3 g5 24. Qh8+ Bf8 25. Nd6+ Ke7 26. Qxg7 Bxg7 27. Rxf7+ Kd8 28. Bxg5+ 1-0